5 Scenes, 1 Actor IX Quiz Stats

 Plays Quiz Updated Apr 17, 2019

Score 0/22 Timer 07:00
2 Plays Today
% Correct
Brad Pitt
93.4%
Tom Hanks
93.3%
Gene Wilder
80.7%
Judi Dench
69%
Michael Douglas
68.4%
Melissa McCarthy
67.8%
Keira Knightley
65.6%
Ellen Page
64.9%
Viggo Mortensen
64.3%
Adrien Brody
57.9%
Don Cheadle
55.8%
% Correct
Christopher Lee
54.9%
Tim Curry
53.4%
Maggie Smith
50.1%
Frances McDormand
49.9%
Eddie Redmayne
47.9%
Andrew Garfield
46.1%
Jesse Eisenberg
44.2%
James Woods
39.8%
Michael Caine
35.7%
Geoffrey Rush
35.2%
Sally Hawkins
18.1%

You're not logged in!

Compare scores with friends on all Sporcle quizzes.
OR
Log In

Sporcle TV

Today on Sporcle TV


Watch our educational content, quiz creation guides, and fun videos on Sporcle TV.

Show Comments

Extras

Top Quizzes Today


Score Distribution

Your Account Isn't Verified!

In order to create a playlist on Sporcle, you need to verify the email address you used during registration. Go to your Sporcle Settings to finish the process.

Report this User

Report this user for behavior that violates our Community Guidelines.

Details: